[Event "Hessen-chA"]
[Site "Korbach"]
[Date "2013.03.29"]
[Round "4"]
[White "Diehl, Werner"]
[Black "Grass, Ernest"]
[Result "1/2-1/2"]
[WhiteElo "2089"]
[BlackElo "1936"]
[PlyCount "71"]
[EventDate "2013.03.27"]
[EventType "swiss"]
[EventRounds "7"]
[EventCountry "GER"]
[SourceTitle "EXT 2014"]
[Source "ChessBase"]
[SourceDate "2013.11.20"]
[SourceVersion "1"]
[SourceVersionDate "2013.11.20"]
[SourceQuality "1"]

1. d4 Nf6 2. c4 c5 3. e3 e6 4. Nc3 Be7 5. Nf3 0-0 6. Be2 b6 7. d5 exd5 8. Nxd5 Bb7 9. Nxe7+ Qxe7 10. 0-0 d5 11. cxd5 Bxd5 12. b3 Rd8 13. Qe1 Nc6 14. Bb2 Ne4 15. Rc1 Nb4 16. a3 Nc6 17. Bc4 Na5 18. Bxd5 Rxd5 19. b4 cxb4 20. axb4 Nb3 21. Rc2 Qd6 22. Bd4 Rh5 23. h3 Re8 24. Qb1 Nxd4 25. exd4 Ng5 26. Nxg5 Rxg5 27. Re1 Rf8 28. Qb2 Qd5 29. f4 Rg3 30. Re5 Qb3 31. Qxb3 Rxb3 32. b5 Rb4 33. Rd5 Re8 34. Rc7 Rb2 35. Rxa7 g6 36. Re5 1/2-1/2

[Event "Hessen-chA"]
[Site "Offenbach"]
[Date "2012.04.05"]
[Round "3"]
[White "Benninger, Rudolf"]
[Black "Grass, Ernest"]
[Result "0-1"]
[WhiteElo "2142"]
[BlackElo "1915"]
[PlyCount "52"]
[EventDate "2012.04.05"]
[EventType "swiss"]
[EventRounds "7"]
[EventCountry "GER"]
[SourceTitle "EXT 2013"]
[Source "ChessBase"]
[SourceDate "2012.11.22"]
[SourceVersion "1"]
[SourceVersionDate "2012.11.22"]
[SourceQuality "1"]

1. e4 c5 2. c3 d5 3. exd5 Qxd5 4. d4 Nf6 5. Nf3 Nc6 6. Be3 cxd4 7. cxd4 e6 8. Nc3 Qd6 9. a3 Be7 10. Bd3 0-0 11. 0-0 a6 12. Qe2 b5 13. b4 Bb7 14. Rac1 Rac8 15. Rfd1 Rfd8 16. Bb1 Nb8 17. h3 Nbd7 18. Ba2 Nb6 19. d5 Nbxd5 20. Nxd5 Nxd5 21. Rxc8 Rxc8 22. Bc5 Rxc5 23. bxc5 Qxc5 24. Nd4 Nc3 25. Qg4 Nxd1 26. Nxe6 Qxf2+ 0-1

[Event "Karl Mala Memorial op 12th"]
[Site "Frankfurt"]
[Date "2009.07.17"]
[Round "2"]
[White "Grass, Ernest"]
[Black "Benninger, Rudolf"]
[Result "0-1"]
[WhiteElo "1932"]
[BlackElo "2133"]
[PlyCount "106"]
[EventDate "2009.07.16"]
[EventType "swiss"]
[EventRounds "7"]
[EventCountry "GER"]
[SourceTitle "EXT 2010"]
[Source "ChessBase"]
[SourceDate "2010.11.25"]
[SourceVersion "1"]
[SourceVersionDate "2010.11.25"]
[SourceQuality "1"]

1. e4 g6 2. d4 Bg7 3. Nc3 c6 4. Nf3 d5 5. exd5 cxd5 6. Bb5+ Bd7 7. Qe2 Nf6 8. Ne5 Nc6 9. Be3 0-0 10. Nxd7 Qxd7 11. 0-0-0 Rac8 12. f3 a6 13. Ba4 b5 14. Bb3 Na5 15. h4 Nc4 16. Bxc4 Rxc4 17. Rd2 b4 18. Nb1 Rfc8 19. g4 h5 20. gxh5 Nxh5 21. Qd3 Qc7 22. Rf2 e5 23. b3 Rc6 24. Rg1 exd4 25. Bg5 Nf4 26. Bxf4 Qxf4+ 27. Kb2 Qe3 28. Rgg2 Kh7 29. h5 Qxd3 30. cxd3 gxh5 31. Rg5 Rh6 32. Rxd5 h4 33. Rg5 h3 34. Rh2 Bf6 35. Rg4 Be5 36. f4 f5 37. Rg1 Bxf4 38. Rhh1 Re8 39. Rf1 Re2+ 40. Ka1 Rh4 41. a3 bxa3 42. Nxa3 h2 43. Nc4 Kg6 44. Kb1 Kg5 45. Ka1 Rh3 46. Rd1 Rg3 47. Kb1 Rgg2 48. Rdf1 Be3 49. Rd1 f4 50. Rdf1 Rg1 51. Nxe3 Rxh1 52. Rxh1 fxe3 53. Kc1 Rg2 0-1

[Event "Rhein Main op 12th"]
[Site "Bad Homburg"]
[Date "2009.06.14"]
[Round "7"]
[White "Syed, Tareq"]
[Black "Grass, Ernest"]
[Result "1/2-1/2"]
[WhiteElo "2118"]
[BlackElo "1948"]
[PlyCount "72"]
[EventDate "2009.06.10"]
[EventType "swiss"]
[EventRounds "7"]
[EventCountry "GER"]
[SourceTitle "CBM 131 Extra"]
[Source "ChessBase"]
[SourceDate "2009.09.03"]
[SourceVersion "2"]
[SourceVersionDate "2009.09.16"]
[SourceQuality "1"]

1. e4 c5 2. d3 e6 3. g3 Nc6 4. Bg2 b6 5. Nh3 Bb7 6. 0-0 Qc7 7. f4 0-0-0 8. c3 h5 9. Nf2 f6 10. d4 h4 11. g4 h3 12. Bf3 f5 13. gxf5 exf5 14. d5 Nb8 15. e5 d6 16. e6 c4 17. Be3 Nf6 18. b4 Na6 19. Qd4 Qe7 20. Qxc4+ Nc7 21. Rd1 Kb8 22. Qb3 Nfxd5 23. Bxd5 Nxd5 24. Rxd5 Qxe6 25. c4 Qg6+ 26. Kf1 Qg2+ 27. Ke2 Bxd5 28. cxd5 Be7 29. Nc3 Bf6 30. Rc1 Rhe8 31. Nb5 Re7 32. Qc4 Rde8 33. Kd2 Qf3 34. Nd1 Qg2+ 35. Nf2 Qf3 36. Nd1 Qg2+ 1/2-1/2

[Event "Rhein Main op 12th"]
[Site "Bad Homburg"]
[Date "2009.06.13"]
[Round "6"]
[White "Grass, Ernest"]
[Black "Kuhn, Gerhard"]
[Result "0-1"]
[WhiteElo "1948"]
[BlackElo "2082"]
[PlyCount "68"]
[EventDate "2009.06.10"]
[EventType "swiss"]
[EventRounds "7"]
[EventCountry "GER"]
[SourceTitle "CBM 131 Extra"]
[Source "ChessBase"]
[SourceDate "2009.09.03"]
[SourceVersion "2"]
[SourceVersionDate "2009.09.16"]
[SourceQuality "1"]

1. e4 c6 2. Nc3 d5 3. Nf3 d4 4. Ne2 c5 5. c3 Nc6 6. d3 Bg4 7. Ng3 g6 8. Be2 Bxf3 9. Bxf3 Bg7 10. c4 e6 11. Qa4 Nge7 12. Bd2 0-0 13. h4 Qd7 14. Be2 a6 15. Qc2 Nb4 16. Qc1 Rfc8 17. a3 Nbc6 18. h5 b5 19. Bh6 Bh8 20. cxb5 axb5 21. Qg5 f6 22. Qd2 Na5 23. Bd1 c4 24. hxg6 hxg6 25. Qf4 c3 26. bxc3 dxc3 27. Bc2 Nac6 28. Bg5 fxg5 29. Rxh8+ Kxh8 30. Qf6+ Kg8 31. 0-0-0 Rxa3 32. Rh1 Ra1+ 33. Bb1 Rxb1+ 34. Kxb1 Qxd3+ 0-1

[Event "Hessen-ch Gr-C"]
[Site "Idstein"]
[Date "2009.04.11"]
[Round "7"]
[White "Grass, Ernest"]
[Black "Will, Dominik"]
[Result "0-1"]
[WhiteElo "1948"]
[BlackElo "1931"]
[PlyCount "40"]
[EventDate "2009.04.08"]
[EventType "swiss"]
[EventRounds "7"]
[EventCountry "GER"]
[SourceTitle "EXT 2010"]
[Source "ChessBase"]
[SourceDate "2010.11.25"]
[SourceVersion "1"]
[SourceVersionDate "2010.11.25"]
[SourceQuality "1"]

1. e4 c5 2. Nc3 g6 3. Nf3 Bg7 4. d4 cxd4 5. Nxd4 Nc6 6. Be3 d6 7. Bc4 Nf6 8. f3 0-0 9. Qd2 Bd7 10. 0-0-0 Rc8 11. Bb3 Ne5 12. h4 h5 13. Rdg1 Nc4 14. Bxc4 Rxc4 15. Nd5 Nxd5 16. exd5 Qb6 17. Nb3 Qa6 18. Kb1 Rfc8 19. c3 Bf5+ 20. Ka1 Qxa2+ 0-1

[Event "Politiken Cup 30th"]
[Site "Helsingor"]
[Date "2008.07.22"]
[Round "5"]
[White "Grass, Ernest"]
[Black "Maechel, Michael"]
[Result "1-0"]
[WhiteElo "1953"]
[BlackElo "1743"]
[PlyCount "51"]
[EventDate "2008.07.19"]
[EventType "swiss"]
[EventRounds "10"]
[EventCountry "DEN"]
[SourceTitle "CBM 125 Extra"]
[Source "ChessBase"]
[SourceDate "2008.09.01"]
[SourceVersion "1"]
[SourceVersionDate "2008.09.01"]
[SourceQuality "1"]

1. e4 c5 2. Nc3 d6 3. g3 Nf6 4. Bg2 g6 5. Nge2 Bg7 6. 0-0 0-0 7. d3 Nc6 8. f4 Bg4 9. h3 Bxe2 10. Nxe2 Qb6 11. Kh2 Rac8 12. c3 Rfe8 13. g4 Qc7 14. Ng3 e6 15. g5 Nd7 16. h4 f5 17. h5 e5 18. exf5 exf4 19. Bxf4 Be5 20. Bd5+ Kh8 21. hxg6 Bxf4 22. Rxf4 Nb6 23. Bf7 Re7 24. Qh5 Rxf7 25. gxf7 Qe7 26. Rh4 1-0

[Event "Hessen-ch Gr-B 62nd"]
[Site "Hanau"]
[Date "2008.03.22"]
[Round "6"]
[White "Grass, Ernest"]
[Black "Schwartz, Gerhard"]
[Result "1/2-1/2"]
[WhiteElo "1899"]
[BlackElo "2090"]
[PlyCount "95"]
[EventDate "2008.03.19"]
[EventType "swiss"]
[EventRounds "7"]
[EventCountry "GER"]
[SourceTitle "CBM 123 Extra"]
[Source "ChessBase"]
[SourceDate "2008.05.06"]
[SourceVersion "1"]
[SourceVersionDate "2008.05.06"]
[SourceQuality "1"]

1. e4 d5 2. exd5 Qxd5 3. Nc3 Qd6 4. d4 a6 5. Nf3 Nf6 6. Be2 Nc6 7. 0-0 Bf5 8. Be3 0-0-0 9. a3 e5 10. dxe5 Nxe5 11. Qc1 Nxf3+ 12. Bxf3 Ng4 13. Bf4 Qg6 14. h3 Nf6 15. Qe3 Ne8 16. Qa7 Qb6 17. Qa8+ Kd7 18. Qxb7 Qxb7 19. Bxb7 Rb8 20. Bxa6 Rxb2 21. Bb5+ c6 22. Ba4 Bd6 23. Bc1 Rb8 24. Bb3 Be5 25. Bd2 Nd6 26. Rad1 Kc7 27. Rfe1 f6 28. a4 g5 29. Ne2 Ne4 30. Ba5+ Kc8 31. Nd4 Bxd4 32. Rxd4 Nc5 33. Rc4 Nxb3 34. cxb3 Bd7 35. b4 Re8 36. Rce4 Rxe4 37. Rxe4 Ra8 38. Rc4 Be8 39. Rc5 Kd7 40. g3 Kd6 41. f4 gxf4 42. gxf4 Bf7 43. Rf5 Ke6 44. Rc5 Kd6 45. Rc3 Bd5 46. Kf2 Ke6 47. Ra3 c5 48. Re3+ 1/2-1/2

[Event "Hessen-ch Gr-B 62nd"]
[Site "Hanau"]
[Date "2008.03.20"]
[Round "3"]
[White "Benninger, Rudolf"]
[Black "Grass, Ernest"]
[Result "1/2-1/2"]
[WhiteElo "2139"]
[BlackElo "1899"]
[PlyCount "48"]
[EventDate "2008.03.19"]
[EventType "swiss"]
[EventRounds "7"]
[EventCountry "GER"]
[SourceTitle "CBM 123 Extra"]
[Source "ChessBase"]
[SourceDate "2008.05.06"]
[SourceVersion "1"]
[SourceVersionDate "2008.05.06"]
[SourceQuality "1"]

1. e4 c5 2. c3 d5 3. exd5 Qxd5 4. d4 Nf6 5. Nf3 e6 6. Bd3 Nc6 7. 0-0 cxd4 8. cxd4 Be7 9. Nc3 Qd8 10. a3 0-0 11. Re1 a6 12. Bc2 Nd5 13. Qd3 g6 14. Bh6 Re8 15. Ne4 Bf8 16. Qd2 Bg7 17. Rad1 b6 18. h4 Nce7 19. Ng3 Bb7 20. h5 Rc8 21. Bb1 Nf5 22. Nxf5 gxf5 23. Bg5 Bf6 24. Bh6 Bg7 1/2-1/2

[Event "Main Vogelsberg op 2nd"]
[Site "Grossauheim"]
[Date "2007.06.07"]
[Round "1"]
[White "Grass, Ernest"]
[Black "Bokemaer, Artur"]
[Result "1-0"]
[WhiteElo "1750"]
[BlackElo "1302"]
[PlyCount "49"]
[EventDate "2007.06.07"]
[EventType "swiss"]
[EventRounds "7"]
[EventCountry "GER"]
[SourceTitle "EXT 2008"]
[Source "ChessBase"]
[SourceDate "2007.11.25"]
[SourceVersion "1"]
[SourceVersionDate "2007.11.25"]
[SourceQuality "1"]

1. e4 e5 2. Nf3 Nc6 3. d4 exd4 4. Bc4 Bc5 5. c3 dxc3 6. Bxf7+ Kxf7 7. Qd5+ Ke8 8. Qh5+ g6 9. Qxc5 d6 10. Qxc3 Qf6 11. Bd2 Bg4 12. Qb3 Rb8 13. Bc3 Ne5 14. Nxe5 dxe5 15. Qb5+ Bd7 16. Qxe5+ Kf7 17. Qxc7 Qe6 18. Qxb8 Qxe4+ 19. Kd1 Ba4+ 20. b3 Qd3+ 21. Kc1 Bc6 22. Qf4+ Ke8 23. Re1+ Ne7 24. Bxh8 Bxg2 25. Bf6 1-0

[Event "Karl Mala Memorial op 10th"]
[Site "Griesheim"]
[Date "2006.07.23"]
[Round "6"]
[White "Grass, Ernest"]
[Black "Storkebaum, Ulrike"]
[Result "0-1"]
[WhiteElo "1709"]
[BlackElo "1934"]
[PlyCount "116"]
[EventDate "2006.07.20"]
[EventType "swiss"]
[EventRounds "7"]
[EventCountry "GER"]
[SourceTitle "CBM 113 Extra"]
[Source "ChessBase"]
[SourceDate "2006.09.14"]
[SourceVersion "1"]
[SourceVersionDate "2006.09.14"]
[SourceQuality "1"]

1. e4 e5 2. Nf3 Nc6 3. d4 exd4 4. Bc4 h6 5. 0-0 Bc5 6. c3 d3 7. Qxd3 d6 8. b4 Bb6 9. a4 a6 10. Be3 Bxe3 11. Qxe3 Qe7 12. Nbd2 Ne5 13. Nxe5 dxe5 14. f4 Nf6 15. f5 Bd7 16. Rf3 a5 17. b5 Ng4 18. Qe2 h5 19. Rg3 Qc5+ 20. Kf1 Nxh2+ 21. Ke1 Ng4 22. Nb3 Qe7 23. Kd1 0-0-0 24. Kc2 b6 25. Bd5 Bxf5 26. exf5 Rxd5 27. Qe4 Nf6 28. Qc4 Qd7 29. Rxg7 Rf8 30. Rf1 Kb8 31. Kb2 Qd6 32. Rf2 Ng4 33. Re2 Nf6 34. Qh4 Rd1 35. Qg3 Ng4 36. Rh7 Nf6 37. Rh6 Re8 38. Qg7 Qd3 39. Rc2 Ne4 40. Nc1 Qd7 41. Rxh5 Nc5 42. Qg4 e4 43. Qe2 Nxa4+ 44. Ka3 Nc5 45. g4 Qd6 46. Ka2 e3 47. Rh2 Qd5+ 48. c4 Qd4 49. g5 a4 50. g6 fxg6 51. fxg6 Rg1 52. Rg2 Rxg2 53. Qxg2 Nb3 54. Nxb3 axb3+ 55. Kxb3 Qd3+ 56. Kb2 e2 57. g7 e1Q 58. g8Q Qb4+ 0-1

[Event "Rhein Main op 09th"]
[Site "Bad Homburg"]
[Date "2006.06.16"]
[Round "4.31"]
[White "Grass, Ernest"]
[Black "Sefeloge, Michael"]
[Result "0-1"]
[WhiteElo "1772"]
[BlackElo "1916"]
[PlyCount "160"]
[EventDate "2006.06.14"]
[EventType "swiss"]
[EventRounds "7"]
[EventCountry "GER"]
[SourceTitle "EXT 2007"]
[Source "ChessBase"]
[SourceDate "2006.11.23"]
[SourceVersion "1"]
[SourceVersionDate "2006.11.23"]
[SourceQuality "1"]

1. e4 c5 2. Nf3 d6 3. d4 cxd4 4. Nxd4 Nc6 5. Nc3 Nf6 6. Bc4 e6 7. 0-0 a6 8. a4 Bd7 9. Be3 Be7 10. Kh1 Qc7 11. Bb3 Rc8 12. f4 0-0 13. Qe2 Na5 14. Rac1 Nc4 15. Bxc4 Qxc4 16. Ra1 Qxe2 17. Ndxe2 Rc4 18. Bd4 Rfc8 19. b3 Rxd4 20. Nxd4 Rxc3 21. Rae1 Bd8 22. Re2 Bb6 23. Nf3 Ne8 24. Rd1 f6 25. Rd3 Rxd3 26. cxd3 Bc6 27. Nd2 Bc5 28. Nc4 b5 29. axb5 Bxb5 30. Rd2 Bd4 31. Rd1 Kf7 32. Na3 Bd7 33. Nc2 Bb6 34. Ra1 Nc7 35. Na3 Be3 36. g3 Ke7 37. Kg2 Bc6 38. Kf3 Bd4 39. Rc1 Kd7 40. Nc2 Nb5 41. Nb4 Bb7 42. Nc2 Bb2 43. Rb1 Nd4+ 44. Ke3 Nxc2+ 45. Kd2 Nd4 46. Rxb2 Bc6 47. Ke3 e5 48. fxe5 dxe5 49. Kd2 Bb5 50. Kc3 Kd6 51. b4 Nf3 52. Re2 h6 53. h4 g5 54. hxg5 hxg5 55. Rf2 g4 56. Re2 Ng5 57. Rf2 Ke6 58. Kc2 Nf3 59. Rf1 Nd4+ 60. Kd2 Ba4 61. Rf2 Nf3+ 62. Kc3 Bb5 63. Re2 f5 64. exf5+ Kxf5 65. Rf2 e4 66. dxe4+ Kxe4 67. Rg2 Ke3 68. Ra2 Ng5 69. Ra3 Ne4+ 70. Kc2+ Kf2 71. Kb2 Nxg3 72. Kc2 Ne2 73. Kd2 g3 74. Rxg3 Kxg3 75. Kc2 Kf4 76. Kb2 Ke4 77. Kc2 Kd4 78. Kb3 Kd3 79. Kb2 Kc4 80. Ka3 Kc3 0-1

[Event "Rhein Main op 09th"]
[Site "Bad Homburg"]
[Date "2006.06.14"]
[Round "1.19"]
[White "Gramlich, Sebastian"]
[Black "Grass, Ernest"]
[Result "1-0"]
[WhiteElo "2122"]
[BlackElo "1772"]
[PlyCount "61"]
[EventDate "2006.06.14"]
[EventType "swiss"]
[EventRounds "7"]
[EventCountry "GER"]
[SourceTitle "EXT 2007"]
[Source "ChessBase"]
[SourceDate "2006.11.23"]
[SourceVersion "1"]
[SourceVersionDate "2006.11.23"]
[SourceQuality "1"]

1. d4 Nf6 2. Bg5 e6 3. e4 Be7 4. Nc3 0-0 5. Qd2 d5 6. e5 Nfd7 7. Bxe7 Qxe7 8. f4 c5 9. Nf3 Nc6 10. 0-0-0 a6 11. h4 b5 12. dxc5 Qxc5 13. Bd3 f5 14. g4 Nb4 15. gxf5 Nxd3+ 16. Qxd3 Rxf5 17. Nd4 Rf7 18. Nxe6 Qc4 19. Qxd5 Qxd5 20. Nxd5 Rb8 21. Ng5 Rf8 22. Ne7+ Kh8 23. Nxc8 Rbxc8 24. Rxd7 Rxf4 25. Rhd1 Rff8 26. Ne6 Rg8 27. Rd8 h6 28. Rxc8 Rxc8 29. Rd8+ Rxd8 30. Nxd8 Kg8 31. Kd2 1-0

[Event "Hessen-chB"]
[Site "Marburg"]
[Date "2006.04.13"]
[Round "4.16"]
[White "Grass, Ernest"]
[Black "Breitwieser, Peter"]
[Result "1-0"]
[WhiteElo "1637"]
[BlackElo "1898"]
[PlyCount "77"]
[EventDate "2006.04.13"]
[EventType "swiss"]
[EventRounds "7"]
[EventCountry "GER"]
[SourceTitle "EXT 2007"]
[Source "ChessBase"]
[SourceDate "2006.11.23"]
[SourceVersion "1"]
[SourceVersionDate "2006.11.23"]
[SourceQuality "1"]

1. e4 e5 2. Nf3 Nc6 3. d4 exd4 4. Bc4 Nf6 5. 0-0 Nxe4 6. Re1 d5 7. Bxd5 Qxd5 8. Nc3 Qh5 9. Nxe4 Be6 10. Bg5 h6 11. Bh4 Be7 12. Bxe7 Nxe7 13. Qxd4 0-0 14. Nc5 Nc6 15. Qc3 Bd5 16. Nxb7 Rab8 17. Nc5 Bxf3 18. gxf3 Rb5 19. Ne4 Ne5 20. Kg2 Ng6 21. Rg1 Rf5 22. Ng3 Rg5 23. Kh1 Qh3 24. Rad1 Nf4 25. Qe3 Nd5 26. Qe4 c6 27. c4 Nf6 28. Qxc6 Re8 29. Qd6 Nh5 30. c5 Re6 31. Qd8+ Kh7 32. Qd3+ Reg6 33. Rc1 Nf4 34. Qe4 Ne6 35. c6 Nc7 36. Qe7 Rh5 37. Rg2 Nd5 38. Qxf7 Rf5 39. Qxf5 1-0

[Event "Hessen-chB"]
[Site "Marburg"]
[Date "2006.04.13"]
[Round "3.4"]
[White "Hillgaertner, Walter"]
[Black "Grass, Ernest"]
[Result "1-0"]
[WhiteElo "2055"]
[BlackElo "1637"]
[PlyCount "129"]
[EventDate "2006.04.13"]
[EventType "swiss"]
[EventRounds "7"]
[EventCountry "GER"]
[SourceTitle "EXT 2007"]
[Source "ChessBase"]
[SourceDate "2006.11.23"]
[SourceVersion "1"]
[SourceVersionDate "2006.11.23"]
[SourceQuality "1"]

1. Nf3 Nf6 2. c4 c5 3. g3 g6 4. Bg2 Bg7 5. Nc3 Nc6 6. 0-0 0-0 7. d3 d6 8. Bd2 Bd7 9. Rb1 Rb8 10. a3 a6 11. b4 cxb4 12. axb4 b5 13. cxb5 axb5 14. Qc1 Qc8 15. Re1 Re8 16. e4 e5 17. Qb2 Qb7 18. Ra1 Ra8 19. Rec1 Rec8 20. h3 h6 21. Be3 Be6 22. d4 Bc4 23. d5 Ne7 24. Nd2 Bd3 25. Rxa8 Rxa8 26. Ra1 Nd7 27. Bf1 Bxf1 28. Nxf1 Ra6 29. Rxa6 Qxa6 30. Qe2 f5 31. f3 f4 32. Bf2 fxg3 33. Nxg3 Qa1+ 34. Qe1 Qa6 35. Qf1 Nf6 36. Nxb5 h5 37. Na7 Qa3 38. b5 Nd7 39. Nc6 Nc8 40. Kg2 Bh6 41. Qe2 Qb3 42. Nf1 Bf4 43. Nd8 Qb4 44. Ne6 Bh6 45. Ne3 Ncb6 46. Nc2 Qa5 47. Be3 Bg7 48. Ne1 Kf7 49. Nd8+ Kg8 50. Nc6 Qa8 51. Qc2 Qa3 52. Bf2 Bh6 53. Nd3 Qa8 54. Ndb4 Na4 55. Na6 Nab6 56. Nc7 Qa3 57. Ne6 Qa8 58. Qb3 Bf8 59. Nxf8 Qxf8 60. Qe3 Qf6 61. Qh6 Qg7 62. Qg5 Kh7 63. Nd8 Nc8 64. Ne6 Qf7 65. Qd8 1-0

[Event "Gernsheim U20 op 3rd"]
[Site "Gernsheim"]
[Date "2005.05.??"]
[Round "2"]
[White "Nies, Peter"]
[Black "Grass, Ernest"]
[Result "1-0"]
[WhiteElo "1880"]
[BlackElo "1549"]
[PlyCount "81"]
[EventDate "2005.05.??"]
[EventType "swiss"]
[EventRounds "7"]
[EventCountry "GER"]
[SourceTitle "EXT 2007"]
[Source "ChessBase"]
[SourceDate "2006.11.23"]
[SourceVersion "1"]
[SourceVersionDate "2006.11.23"]
[SourceQuality "1"]

1. e4 c5 2. Nc3 Nc6 3. f4 e6 4. Nf3 g6 5. Bc4 Bg7 6. f5 Nge7 7. fxe6 dxe6 8. 0-0 0-0 9. d3 a6 10. a4 Bd7 11. Qe1 Nd4 12. Qh4 Nxf3+ 13. Rxf3 Nc6 14. Bg5 f6 15. Bh6 Rf7 16. Raf1 Ne5 17. Rh3 Bxh6 18. Qxh6 Nxc4 19. dxc4 Qf8 20. Qh4 Qe7 21. Rhf3 f5 22. Qxe7 Rxe7 23. exf5 exf5 24. Nd5 Rf7 25. b3 Bc6 26. Re3 Re8 27. Rfe1 Rxe3 28. Rxe3 Kg7 29. Kf2 Kf8 30. Re5 Rd7 31. Ke3 Kf7 32. a5 h6 33. g3 Bxd5 34. cxd5 Kf6 35. Re6+ Kf7 36. c4 Kg7 37. Kf4 Kf7 38. Ke5 Kg7 39. d6 Kf7 40. Kd5 h5 41. h4 1-0

[Event "Bad Zwesten op 8th"]
[Site "Bad Zwesten"]
[Date "2004.01.07"]
[Round "9"]
[White "Grass, Ernest"]
[Black "Bonning, James"]
[Result "1-0"]
[WhiteElo "937"]
[BlackElo "1465"]
[PlyCount "57"]
[EventDate "2004.01.??"]
[EventType "swiss"]
[EventRounds "9"]
[EventCountry "GER"]
[SourceTitle "CBM 098 Extra"]
[Source "ChessBase"]
[SourceDate "2004.03.10"]
[SourceVersion "2"]
[SourceVersionDate "2004.03.10"]
[SourceQuality "1"]

1. e4 e5 2. Nf3 Nc6 3. d4 exd4 4. Bc4 Nf6 5. 0-0 Bc5 6. c3 dxc3 7. Nxc3 0-0 8. Bg5 Be7 9. Qd2 Ng4 10. h3 Nge5 11. Nxe5 Nxe5 12. Bxe7 Nxc4 13. Qg5 f6 14. Qd5+ Kh8 15. Bxd8 Ne5 16. Bxc7 Nc6 17. Bd6 Re8 18. Qf7 Rg8 19. Nd5 Nd8 20. Qh5 a5 21. Ne7 g6 22. Qh4 Rg7 23. Qxf6 Ne6 24. f4 b6 25. f5 gxf5 26. exf5 Bb7 27. fxe6 Bxg2 28. Qf8+ Rg8 29. Be5# 1-0

[Event "Bad Zwesten op 8th"]
[Site "Bad Zwesten"]
[Date "2004.01.07"]
[Round "8"]
[White "Schwoebel, Ann Kathrin"]
[Black "Grass, Ernest"]
[Result "0-1"]
[WhiteElo "1115"]
[BlackElo "937"]
[PlyCount "80"]
[EventDate "2004.01.??"]
[EventType "swiss"]
[EventRounds "9"]
[EventCountry "GER"]
[SourceTitle "CBM 098 Extra"]
[Source "ChessBase"]
[SourceDate "2004.03.10"]
[SourceVersion "2"]
[SourceVersionDate "2004.03.10"]
[SourceQuality "1"]

1. e4 c5 2. Nf3 d6 3. d4 cxd4 4. Nxd4 Nf6 5. Nc3 g6 6. Be3 Bg7 7. f3 0-0 8. Qd2 Nc6 9. Bc4 Bd7 10. 0-0-0 Rc8 11. Bb3 Ne5 12. Kb1 Nc4 13. Bxc4 Rxc4 14. Bg5 Nxe4 15. Nxe4 Rxd4 16. Qe3 Qb6 17. Nd2 Rxd2 18. Qxb6 Rxd1+ 19. Rxd1 axb6 20. Bxe7 Rc8 21. Bxd6 Bf5 22. Rc1 Bh6 23. f4 g5 24. g3 g4 25. Be5 Bg7 26. Bd6 Rc6 27. Bb4 h5 28. Be7 Bd4 29. Ka1 Re6 30. Bb4 Re2 31. c3 Bc5 32. Bxc5 bxc5 33. Rh1 Be4 34. Rd1 Rxh2 35. b3 Rg2 36. Rh1 Bg6 37. b4 c4 38. a4 Rxg3 39. a5 Rxc3 40. Kb2 Rb3+ 0-1